Compenndium of Chapters in Modern Bodren Biology/ (Record no. 190882)

MARC details
000 -LEADER
fixed length control field 01096nam a22002057a 4500
005 - DATE AND TIME OF LATEST TRANSACTION
control field 20220808161314.0
010 ## - LCCN (DPL NO)
LC control number ENG-134358
020 ## - INTERNATIONAL STANDARD BOOK NUMBER
International Standard Book Number 9789393737397
Terms of availability 1250.00
035 ## - SYSTEM CONTROL NUMBER
System control number EN-117890
037 ## - SOURCE OF ACQUISITION
Source of stock number/acquisition DBAD/PUB
082 ## - DEWEY DECIMAL CLASSIFICATION NUMBER
Classification number 574
100 ## - MAIN ENTRY--PERSONAL NAME
Personal name Mahalakshmi, S.
245 ## - TITLE STATEMENT
Title Compenndium of Chapters in Modern Bodren Biology/
Statement of responsibility, etc S. Mahalakshmi, M. Vijayapriya and J. Jayachitra
260 ## - PUBLICATION, DISTRIBUTION, ETC. (IMPRINT)
Place of publication, distribution, etc Tamil Nadu
Name of publisher, distributor, etc Shanlax Publications
Date of publication, distribution, etc 2021
270 ## - ADDRESS
Address 61, 66 T.P.K. Main Road, Vasantha Nagar
City Madurai
Postal code 625003
300 ## - PHYSICAL DESCRIPTION
Extent 457p.
Dimensions 24cm(pbk)
700 ## - ADDED ENTRY--PERSONAL NAME
Personal name Vijayapriya, M.
700 ## - ADDED ENTRY--PERSONAL NAME
Personal name Jayachitra, J.
942 ## - ADDED ENTRY ELEMENTS (KOHA)
Source of classification or shelving scheme Dewey Decimal Classification
Item type English Books
Classification part 574
Call number suffix MAH
Holdings
Withdrawn status Lost status Not for loan Collection code Home library Current library Date acquired Source of acquisition Cost, normal purchase price Full call number Barcode Copy number Cost, replacement price Koha item type
      Non-fiction Bawana Bawana 08/08/2022 DBAD/PUB 1250.00 574 MAH EN-117890 1 1250.00 English Books

© Delhi Public Library
Hit Counter
free hit counter